000 00336nam a2200121Ia 4500
008 240731s9999 xx 000 0 und d
022 _a1547-6537
245 0 _aCritical Reviews in Environmental Science and Technology
260 _bTaylor & Francis
856 _uhttps://www.tandfonline.com/loi/best20
942 _2ddc
942 _cTFEJ
999 _c76136
_d76136
945 _a1
_bMadushi Gamage
_c1
_dMadushi Gamage